| 000 | 01001ntm a2200241 a 4500 | ||
|---|---|---|---|
| 001 | 75723 | ||
| 003 | BD-RjUL | ||
| 005 | 20211209082731.0 | ||
| 008 | 190528s2015 bg a|||| bm|| 00| 0 eng d | ||
| 035 | _a(BD-RjUL)75942 | ||
| 040 |
_aBD-RjUL _beng _cBD-RjUL _dBD-RjUL |
||
| 041 | _aeng | ||
| 082 |
_223 _bKAR 2015 _a378.120954924 |
||
| 100 | 1 |
_aKabir, Md. Firoz _9231945 |
|
| 245 | 1 | 0 |
_aRatchet effect on Non-Government College Teachers: _b a Study on Chapai Nawabganj District in Bangladesh / _cMd. Firoz Kabir ; _6Supervisor: Mohammad Ali |
| 260 |
_aRajshahi : _bInstitute of Education and Research, University of Rajshahi, _c2015 |
||
| 300 |
_a213 leaves : _bIll. ; _c29 cm. |
||
| 502 | _aThesis (M. Phil.) --Institute of Education and Research, University of Rajshahi, 2015 | ||
| 504 | _aBibliography: Leaves 110-124 | ||
| 650 |
_aNon Govermnment College teachers _xSalaries, etc. _zBangladesh _zChapai Nawabganj District _9232114 |
||
| 700 |
_aAli, Mohammad, Supervisor _9231946 |
||
| 942 |
_2ddc _cTHE |
||
| 999 |
_c75723 _d75723 |
||